000 00353 a2200109 4500
001 ART_46174
005 20260410162053.0
008 260409a
245 1 0 _aAlgunas precisiones sobre el concepto de población flotante en el ámbito del trabajo
100 1 _aPanaia, Marta
773 0 _tPampa
_g- Año 6, Nº 6 (nov. 2010)
_wREV46129
999 _c36027
_d36027